MARC details
| 000 -LEADER |
| campo de control de longitud fija |
02435nka a2200385 i 4500 |
| 001 - NÚMERO DE CONTROL |
| campo de control |
102977 |
| 003 - IDENTIFICADOR DE NÚMERO DE CONTROL |
| campo de control |
ES-MaACL |
| 005 - FECHA Y HORA DE LA ÚLTIMA TRANSACCIÓN |
| campo de control |
20250822063151.0 |
| 007 - CAMPO FIJO DE DESCRIPCIÓN FÍSICA--INFORMACIÓN GENERAL |
| campo de control de longitud fija |
t| |
| 008 - DATOS DE LONGITUD FIJA--INFORMACIÓN GENERAL |
| campo de control de longitud fija |
051222q1800 sp f | |r||1c|spa d |
| 100 0# - ENTRADA PRINCIPAL--NOMBRE DE PERSONA |
| Nombre de persona |
Patas, Jean-Baptiste, |
| Fechas asociadas al nombre |
1748-1817? |
| Término indicativo de función/relación |
Grabador |
| 9 (RLIN) |
89553 |
| 245 11 - MENCIÓN DEL TÍTULO |
| Título |
[Céfalo y Procris] |
| Medio |
[Material gráfico] / |
| Mención de responsabilidad, etc. |
Peint par P. Veronese ; Designe par Ant. Martínez ; Gravé par Patas |
| 260 ## - PUBLICACIÓN, DISTRIBUCIÓN, ETC. |
| Lugar de publicación, distribución, etc. |
[Madrid] : |
| Nombre del editor, distribuidor, etc. |
Se hallará en la Calcografía de la Imprenta Real, |
| Fecha de publicación, distribución, etc. |
[ca. 1800] |
| 300 ## - DESCRIPCIÓN FÍSICA |
| Extensión |
1 estampa : |
| Otras características físicas |
grabado calcográfico ; |
| Dimensiones |
481 x 395 mm |
| 490 1# - MENCIÓN DE SERIE |
| Mención de serie |
Colección facticia de grabados ; |
| Designación de volumen o secuencia |
29 |
| RLIN |
184692 |
| 500 ## - NOTA GENERAL |
| Nota general |
Inscripción; "Céfalo y Procris, de Pablo Beronés... se ha trasladado del Real Palacio al Museo de Madrid" |
| 500 ## - NOTA GENERAL |
| Nota general |
Estampa que reproduce la pintura de Veronese que se conservaba en el Palacio Real de Madrid, hoy en el Musée des Beaux-Arts de Strasburg, Francia. Jean Baptiste Patas grabó la plancha de cobre a partir del dibujo de Antonio Martínez |
| 520 ## - RESUMEN, ETC. |
| Sumario, etc. |
La estampa representa el accidente de caza en el que Céfalo mata por error a su amada Procris, quien yace en el suelo, sobre su mano izquierda se apoya la lanza o venablo, en su pecho desnudo puede verse la herida mortal, a su lado Céfalo la mira y sujeta su mano derecha, a su alrededor sus perros, uno de ellos probablemente sea Lélape. Más allá, a la izquierda, Procris, con dos perros entre los arboles, antes de ser herida |
| 530 ## - NOTA DISPONIBLE DE FORMULARIO FÍSICO ADICIONAL |
| Nota de formato físico adicional disponible |
Disponible en formato digital |
| 650 #7 - PUNTO DE ACCESO ADICIONAL DE MATERIA--TÉRMINO DE MATERIA |
| Término de materia o nombre geográfico como elemento de entrada |
Céfalo (Personaje mitológico) |
| Fuente del encabezamiento o término |
embne |
| 9 (RLIN) |
10866 |
| 650 #7 - PUNTO DE ACCESO ADICIONAL DE MATERIA--TÉRMINO DE MATERIA |
| Término de materia o nombre geográfico como elemento de entrada |
Procris (Personaje mitológico) |
| Fuente del encabezamiento o término |
embne |
| 9 (RLIN) |
16441 |
| 655 #7 - TERMINO DE INDIZACIÓN--GENERO/FORMA |
| Datos o término principal de género/forma |
Grabados calcográficos |
| Fuente del término |
tgfbne |
| 9 (RLIN) |
241761 |
| 655 #7 - TERMINO DE INDIZACIÓN--GENERO/FORMA |
| Datos o término principal de género/forma |
Grabados |
| Fuente del término |
tgfbne |
| 9 (RLIN) |
226846 |
| 655 #4 - TERMINO DE INDIZACIÓN--GENERO/FORMA |
| Datos o término principal de género/forma |
Reproducciones de obras de arte |
| 9 (RLIN) |
241931 |
| 700 0# - ENTRADA AGREGADA--NOMBRE PERSONAL |
| Nombre de persona |
Il Veronese, |
| Fechas asociadas al nombre |
1528-1588 |
| Término indicativo de función/relación |
Artista |
| 9 (RLIN) |
65165 |
| 700 1# - ENTRADA AGREGADA--NOMBRE PERSONAL |
| Nombre de persona |
Martínez, Antonio, |
| Fechas asociadas al nombre |
1750?-1798 |
| Término indicativo de función/relación |
Dibujante |
| 9 (RLIN) |
77718 |
| 710 2# - ENTRADA AGREGADA--NOMBRE DE ENTIDAD CORPORATIVA |
| Nombre de entidad corporativa o nombre de jurisdicción como elemento de entrada |
Calcografía de la Imprenta Real |
| Término indicativo de función/relación |
Editor |
| 9 (RLIN) |
241806 |
| 830 #0 - PUNTO DE ACCESO ADICIONAL DE SERIE-TÍTULO UNIFORME |
| Título uniforme |
Colección facticia de grabados ; |
| Designación de volumen o secuencia |
29 |
| 9 (RLIN) |
184692 |
| 852 4# - LOCALIZACIÓN |
| Ubicación |
ES-MaACL |
| Ubicación en estantería |
Depósito 2 |
| Número de control de estantería |
GF-2(29) |
| 856 4# - LOCALIZACIÓN Y ACCESO ELECTRÓNICOS |
| Identificador Uniforme de Recursos |
<a href="https://bdh-rd.bne.es/viewer.vm?id=0000309911&page=1">https://bdh-rd.bne.es/viewer.vm?id=0000309911&page=1</a> |
| Texto de enlace |
Versión en línea |
| Nota pública |
(Biblioteca Digital Hispánica) |
| 856 4# - LOCALIZACIÓN Y ACCESO ELECTRÓNICOS |
| Identificador Uniforme de Recursos |
<a href="https://www.museodelprado.es/coleccion/obra-de-arte/cefalo-y-procris/2bb21fef-2bd7-417f-b3a1-6fa974fa673e">https://www.museodelprado.es/coleccion/obra-de-arte/cefalo-y-procris/2bb21fef-2bd7-417f-b3a1-6fa974fa673e</a> |
| Texto de enlace |
Versión en línea |
| Nota pública |
(Museo del Prado) |
| 942 ## - ELEMENTOS DE ENTRADA SECUNDARIOS (KOHA) |
| Fuente del sistema de clasificación o colocación |
Clasificación decimal universal |
| Tipo de ítem Koha |
Grabado |
| Suprimir en OPAC |
No |